Normal view
MARC view
Entry Corporate Name
001 - CONTROL NUMBER
- control field: 29524
003 - CONTROL NUMBER IDENTIFIER
- control field: ARRUPE
005 - DATE AND TIME OF LATEST TRANSACTION
- control field: 20170322113916.0
008 - FIXED-LENGTH DATA ELEMENTS
- fixed length control field: 170322|| aca||aabn | a|a d
040 ## - CATALOGING SOURCE
- Original cataloging agency: ARRUPE
- Transcribing agency: ARRUPE
110 ## - HEADING--CORPORATE NAME
- Corporate name or jurisdiction name as entry element: Southern Rhodesia.
- Subordinate unit: Land Commission of 1894
- General subdivision: History.
670 ## - SOURCE DATA FOUND
- Source citation: Work cat.: (ARRUPE)0: Stigger, P. 29523, The Land Commission of 1894 and the land /, c1980.